G is for gold medal : (Record no. 2610)

MARC details
000 -LEADER
fixed length control field 00945cam a2200277 a 4500
005 - DATE AND TIME OF LATEST TRANSACTION
control field 20250815160807.0
020 ## - INTERNATIONAL STANDARD BOOK NUMBER
International Standard Book Number 9780545699037
040 ## - CATALOGING SOURCE
Original cataloging agency DLC
Transcribing agency DLC
Modifying agency DLC
Language of cataloging eng
050 00 - LIBRARY OF CONGRESS CALL NUMBER
Classification number GV721.H47
Item number 2011
082 00 - DEWEY DECIMAL CLASSIFICATION NUMBER
Classification number 796.48
100 1# - MAIN ENTRY--PERSONAL NAME
Personal name Herzog, Brad
245 10 - TITLE STATEMENT
Title G is for gold medal :
Remainder of title an Olympic alphabet /
Statement of responsibility, etc. written by Brad Herzog and illustrated by Doug Bowles
250 ## - EDITION STATEMENT
Edition statement First Scholastic printing, February 2014
260 ## - PUBLICATION, DISTRIBUTION, ETC.
Place of publication, distribution, etc. New York :
Name of publisher, distributor, etc. Scholastic,
Date of publication, distribution, etc. 2011
300 ## - PHYSICAL DESCRIPTION
Extent 30 unnumbered pages :
Other physical details color illustrations ;
Dimensions 24 cm .
505 ## - FORMATTED CONTENTS NOTE
Formatted contents note Z <br/>
520 ## - SUMMARY, ETC.
Summary, etc. The letters of the alphabet introduce facts about the Olympic movement and Olympic sports.
521 ## - TARGET AUDIENCE NOTE
Target audience note 1151 <br/><br/>
Source Lexile <br/>
521 ## - TARGET AUDIENCE NOTE
Target audience note Z <br/>
Source Raz-Plus <br/>
650 #0 - SUBJECT ADDED ENTRY--TOPICAL TERM
Topical term or geographic name entry element Olympics
Form subdivision Juvenile literature.
650 #0 - SUBJECT ADDED ENTRY--TOPICAL TERM
Topical term or geographic name entry element Alphabet books.
700 1# - ADDED ENTRY--PERSONAL NAME
Personal name Bowles, Doug
Relator term illustrator
906 ## - LOCAL DATA ELEMENT F, LDF (RLIN)
a 7
b cbc
c orignew
d 1
e ecip
f 20
g y-gencatlg
942 ## - ADDED ENTRY ELEMENTS (KOHA)
Source of classification or shelving scheme Dewey Decimal Classification
Koha item type Books
Suppress in OPAC No
999 ## -
-- 2610
-- 2610
Holdings
Withdrawn status Lost status Source of classification or shelving scheme Damaged status Not for loan Collection Home library Current library Shelving location Date acquired Total Checkouts Full call number Barcode Date last seen Price effective from Koha item type Copy number
    Dewey Decimal Classification     Non-Fiction Footprints International School Library Network Toul Tom Poung Campus Footprints International School Library Network Toul Tom Poung Campus TTP Secondary Non-Fiction Bookshelves 01/04/2024   HER 796.48 GV721.H47 FISTK05641 01/04/2024 01/04/2024 Books  
    Dewey Decimal Classification     Non-Fiction Footprints International School Library Network Toul Tom Poung Campus Footprints International School Library Network Toul Tom Poung Campus TTP Secondary Non-Fiction Bookshelves 08/15/2025   HER 796.48 GV721.H47 FISBK05811 08/15/2025 08/15/2025 Books 2